000
00233nam a2200097Ia 4500
001
916951
005
20250826185903.0
008
250824s9999 xx 000 0 und d
245
0
_a
DON KİŞOT
_c
ROGER GARAUDY
260
_b
TEDEV YAYINLARI
999
_c
916951
_d
916951